Intersubjectivity in literary narrative /

Hlavní autor: Kubíček, Tomáš, 1966-
Jazyk: Angličtina
Vydáno: Toronto : Munk Centre for International Studies, University of Toronto, 2007
Edice: MCIS briefings
Témata:
Fyzický popis: 52 s. ; 22 cm
Knihy
Uloženo v:
LEADER 01449nam a2200373 a 4500
001 000926979
003 CZ BrMZK
005 20200324185244.0
007 ta
008 090115s2007 xxc f 000 0 eng
020 |a 978-0-7727-0834-2  |q (brož.) 
040 |a BOA001  |b cze 
072 7 |a 808  |x Literární styl. Literární činnost a technika. Efektivní využívání jazyka. Spisovatelská činnost  |2 Konspekt  |9 11 
080 |a 82.0  |2 MRF 
080 |a 808.543  |2 MRF 
080 |a 808.1  |2 MRF 
080 |a 111.5  |2 MRF 
080 |a (048.8)  |2 MRF 
100 1 |a Kubíček, Tomáš,  |d 1966-  |7 jo20000080606  |4 aut 
245 1 0 |a Intersubjectivity in literary narrative /  |c Tomas Kubicek 
260 |a Toronto :  |b Munk Centre for International Studies, University of Toronto,  |c 2007 
300 |a 52 s. ;  |c 22 cm 
490 1 |a MCIS briefings ;  |v 8 
500 |a Na obálce nad názvem: University of Toronto, MUNK Centre for International Studies at Trinity College 
504 |a Obsahuje bibliografii a bibliografické odkazy 
650 0 7 |a literární teorie  |7 ph116427  |2 czenas 
650 0 7 |a vyprávění  |7 ph117276  |2 czenas 
650 0 7 |a vypravěčské techniky  |7 ph161936  |2 czenas 
650 0 7 |a intersubjektivita  |7 ph121157  |2 czenas 
655 7 |a studie  |7 fd133597  |2 czenas 
830 0 |a MCIS briefings 
910 |a BOA001  |b 2-1217.909 
990 |a BK 
996 7 |b 2610366333  |c 2-1217.909  |l MZK  |r Sklad / do 1 hodiny  |n 5  |p dar  |w 000926979  |u 000010  |a 1  |e BOA001  |j MZK50  |s A